01118nab a2200253 uc450000100070000000500170000700800410002403500110006503500210007604000130009704100080011010000490011824502230016765000360039065000280042665000240045470000480047870000430052670000500056977301570061985600590077694200100083599900190084595058320240201201723.0051018e20050715 spa  a950583 a(OCoLC)820337402 ccomduadb aspa10aEspinal Botero, Gabriel E.4auteaut937240710aEvaluacion de los cambios esqueleticos y dentales producidos con el tratamiento con placas de acetato y elasticos de clase III en pacientes con mesio-relacion esqueletica y dental en denticion primaria o mixta temprana aMaloclusión en niños922366 aPlacas oclusales969928 aTratamiento915666710aBetancourt P., John Jairo4auteaut941009710aCarrillo P., Natalia4auteaut941111210aPiedrahita G., Maria Teresa4auteaut94111130 tRevista Facultad de Odontología. Universidad de Antioquia (Medellín)gVolumen 16, Número 01-02, Julio 15, 2005, p. 70-80w385976z0121246X01099144 uhttp://bibliotecadigital.udea.edu.co/handle/10495/8825 cARIMP c365544d365544